[Event "TCh-FRA Top 12 2015"]
[Site "Montpellier FRA"]
[Date "2015.06.05"]
[Round "7.3"]
[Board "8"]
[White "Touzane, Olivier"]
[Black "Vitoux, Colomban"]
[Result "0-1"]
[WhiteTitle "IM"]
[BlackTitle "IM"]
[WhiteElo "2339"]
[BlackElo "2391"]
[WhiteTeam "MONTPELLIER"]
[BlackTeam "C.E. STRASBOURG"]
[WhiteFideId "602906"]
[BlackFideId "628549"]
[EventDate "2015.05.30"]

1. g3 d5 2. Bg2 e5 3. d3 Nc6 4. a3 a5 5. Nf3 Nf6 6. O-O Bc5 7. b3 O-O 8. Bb2 Qe7
9. e3 Bg4 10. h3 Bh5 11. g4 Bg6 12. Nh4 Rad8 13. Nd2 Qe6 14. Nxg6 fxg6 15. g5
Nh5 16. Qg4 Qe7 17. h4 Kh8 18. Rfe1 Bb6 19. Bh3 d4 20. Qe6 dxe3 21. fxe3 Nf4 22.
Qg4 Nd5 23. Nc4 Ba7 24. Qe6 b5 25. Qxe7 Ncxe7 26. Nxe5 Nxe3 27. Kh1 Nxc2 28. Nd7
Rf7 29. Rf1 Rxf1+ 30. Rxf1 Ne3 31. Rf7 N7f5 32. Bxf5 Nxf5 33. Ne5 Kg8 34. Rxc7
Bb8 35. Rd7 Rxd7 36. Nxd7 Bd6 37. a4 bxa4 38. bxa4 Nxh4 39. Bc3 Bc7 40. Nc5 Nf3
41. Ne6 Bb6 42. d4 h6 43. gxh6 gxh6 44. Kg2 Kf7 45. Nc5 Ng5 46. Nb3 Ne4 47. Bxa5
Bxa5 48. Nxa5 Nc3 49. Kf3 Nxa4 50. Nc4 Kf6 51. Kf4 h5 52. Ne5 g5+ 53. Ke4 Nc3+
54. Kd3 Nd5 55. Ke4 Nc3+ 56. Kd3 Nd5 57. Ke4 Ke6 58. Nd3 Nf6+ 59. Ke3 Kf5 60.
Nb4 h4 61. Nd3 g4 62. Nf4 h3 63. Ne2 Ne4 64. d5 h2 65. d6 h1=Q 66. Nd4+ Kf6 67.
d7 Ke7 68. Nc6+ Kxd7 69. Ne5+ Ke6 70. Nxg4 Qh3+ 71. Kf4 Qg3+ 0-1

[Event "TCh-FRA Top 12 2015"]
[Site "Montpellier FRA"]
[Date "2015.06.05"]
[Round "7.4"]
[Board "1"]
[White "Vachier-Lagrave, Maxime"]
[Black "Sokolov, Ivan"]
[Result "1/2-1/2"]
[WhiteTitle "GM"]
[BlackTitle "GM"]
[WhiteElo "2754"]
[BlackElo "2623"]
[WhiteTeam "CLICHY-ECHECS-92"]
[BlackTeam "L'ECHIQUIER CHALONNAIS"]
[WhiteFideId "623539"]
[BlackFideId "14400030"]
[EventDate "2015.05.30"]

1. Nf3 d5 2. g3 c6 3. Bg2 Bg4 4. O-O e6 5. h3 Bh5 6. d4 Nd7 7. c4 Ngf6 8. cxd5
exd5 9. Nh4 Ne4 10. Nc3 Nd6 11. Bf4 Nb6 12. Qd3 Be7 13. Bxd6 Bxh4 14. Be5 Bg6
15. Qf3 Bf6 16. Bxf6 Qxf6 17. Qxf6 gxf6 18. b4 Ke7 19. a4 a5 20. bxa5 Rxa5 21.
f4 Bf5 22. e4 Bxe4 23. Bxe4 dxe4 24. Rfb1 Nd7 25. Rxb7 f5 26. d5 cxd5 27. Rd1
Ke6 28. Nxe4 dxe4 1/2-1/2

[Event "TCh-FRA Top 12 2015"]
[Site "Montpellier FRA"]
[Date "2015.06.05"]
[Round "7.4"]
[Board "2"]
[White "Cossin, Sebastien"]
[Black "So, Wesley"]
[Result "1/2-1/2"]
[WhiteTitle "IM"]
[BlackTitle "GM"]
[WhiteElo "2516"]
[BlackElo "2778"]
[WhiteTeam "L'ECHIQUIER CHALONNAIS"]
[BlackTeam "CLICHY-ECHECS-92"]
[WhiteFideId "618802"]
[BlackFideId "5202213"]
[EventDate "2015.05.30"]

1. d4 Nf6 2. c4 g6 3. f3 d5 4. cxd5 Nxd5 5. e4 Nb6 6. Nc3 Bg7 7. Be3 O-O 8. Qd2
Nc6 9. O-O-O Qd6 10. h4 Rd8 11. Nb5 Qd7 12. h5 a6 13. Nc3 Bxd4 14. hxg6 fxg6 15.
Bxd4 Qxd4 16. Qf4 Qf6 17. Rxd8+ Nxd8 18. Qxc7 Bd7 19. Qh2 Qf7 20. Nh3 Bxh3 21.
Qxh3 Ne6 22. Kb1 Rd8 23. Qh6 Nf4 24. Qg5 Qf6 25. Qh6 Qf7 26. Qg5 Rf8 27. g3 Ne6
28. Qh6 Qg7 29. Qe3 Qd4 30. Qxd4 Nxd4 31. f4 e5 32. fxe5 Nf3 33. Bh3 Nxe5 34.
Rf1 Rxf1+ 35. Bxf1 Kf7 36. Kc2 Ke6 37. b4 Nc6 38. a3 Ke5 39. Kd3 Nd4 40. Bh3 h5
41. Nd5 Nxd5 42. exd5 Nf5 43. g4 hxg4 44. Bxg4 b5 45. Bd1 Kxd5 46. a4 Ke5 47.
axb5 axb5 48. Bf3 Nd4 49. Bg4 Ne6 50. Ke3 Nc7 51. Be2 1/2-1/2

[Event "TCh-FRA Top 12 2015"]
[Site "Montpellier FRA"]
[Date "2015.06.05"]
[Round "7.4"]
[Board "3"]
[White "Van Wely, Loek"]
[Black "Krasenkow, Michal"]
[Result "1-0"]
[WhiteTitle "GM"]
[BlackTitle "GM"]
[WhiteElo "2653"]
[BlackElo "2610"]
[WhiteTeam "CLICHY-ECHECS-92"]
[BlackTeam "L'ECHIQUIER CHALONNAIS"]
[WhiteFideId "1000268"]
[BlackFideId "1113100"]
[EventDate "2015.05.30"]

1. Nf3 d5 2. g3 Bg4 3. Bg2 Nd7 4. c4 e6 5. cxd5 exd5 6. O-O Ngf6 7. d3 Bc5 8.
Nc3 c6 9. Qb3 Qc8 10. Bf4 O-O 11. Rac1 Re8 12. Rfe1 Bb6 13. Nb5 Nc5 14. Qa3 cxb5
15. b4 Qd8 16. bxc5 Ba5 17. Rf1 Rxe2 18. Nd4 b4 19. Qa4 Re7 20. c6 Bb6 21. Qxb4
a5 22. Qa4 Bc8 23. Bg5 Qd6 24. Nb5 Qb4 25. Qxb4 axb4 26. Nd6 Rb8 27. Nxc8 Rxc8
28. cxb7 Rf8 29. Bxf6 gxf6 30. Bxd5 Re5 31. Rc8 Ba7 32. Bf3 1-0

[Event "TCh-FRA Top 12 2015"]
[Site "Montpellier FRA"]
[Date "2015.06.05"]
[Round "7.4"]
[Board "4"]
[White "Salgado Lopez, Ivan"]
[Black "Matlakov, Maxim"]
[Result "1/2-1/2"]
[WhiteTitle "GM"]
[BlackTitle "GM"]
[WhiteElo "2616"]
[BlackElo "2694"]
[WhiteTeam "L'ECHIQUIER CHALONNAIS"]
[BlackTeam "CLICHY-ECHECS-92"]
[WhiteFideId "2257327"]
[BlackFideId "4168003"]
[EventDate "2015.05.30"]

1. e4 c5 2. Nf3 e6 3. d4 cxd4 4. Nxd4 Nc6 5. Nc3 Qc7 6. Be3 a6 7. Qf3 Nf6 8.
O-O-O Ne5 9. Qg3 b5 10. f4 Neg4 11. Bg1 b4 12. Na4 Nh6 13. Qe3 Be7 14. Bd3 O-O
15. h3 d5 16. e5 Ne4 17. g4 Bd7 18. Bxe4 dxe4 19. b3 1/2-1/2

[Event "TCh-FRA Top 12 2015"]
[Site "Montpellier FRA"]
[Date "2015.06.05"]
[Round "7.4"]
[Board "6"]
[White "Favarel, Antoine"]
[Black "Tregubov, Pavel V."]
[Result "0-1"]
[WhiteTitle "FM"]
[BlackTitle "GM"]
[WhiteElo "2374"]
[BlackElo "2571"]
[WhiteTeam "L'ECHIQUIER CHALONNAIS"]
[BlackTeam "CLICHY-ECHECS-92"]
[WhiteFideId "642371"]
[BlackFideId "4115341"]
[EventDate "2015.05.30"]

1. c4 e5 2. g3 Nf6 3. Bg2 Nc6 4. Nc3 Bc5 5. Nf3 O-O 6. O-O d6 7. d3 h6 8. a3 a5
9. e3 Bb6 10. b3 Bf5 11. Bb2 Qd7 12. d4 exd4 13. Nxd4 Nxd4 14. exd4 Rae8 15.
Bxb7 c6 16. Qf3 Qxb7 17. Qxf5 Bxd4 18. Qd3 Qxb3 19. Qxd4 Qxb2 20. Ra2 Qb8 21.
Rb1 Qc7 22. Rd2 Re6 23. Rdb2 Rfe8 24. Rb7 Qc8 25. Kg2 Re1 26. Qxd6 Qf5 27. Rxe1
Rxe1 28. Qd8+ Re8 29. Qd4 c5 30. Qf4 Qxf4 31. gxf4 Rd8 32. Rb5 Rd3 33. Na4 Nh5
34. f3 Nxf4+ 35. Kf2 Rxa3 36. Nxc5 g5 37. Ne4 a4 38. c5 Ra2+ 39. Ke3 Rxh2 40. c6
Rc2 41. Nc5 Ne6 42. Nxa4 Rxc6 43. Rb3 Nf4 44. Kd4 Kg7 45. Nb2 h5 46. Rb5 Kg6 47.
Rb8 h4 48. Nc4 f6 49. Ne3 Rd6+ 50. Ke4 Re6+ 51. Kd4 Ra6 52. Ng4 Ra4+ 53. Ke3
Ra3+ 54. Kf2 Ra2+ 55. Kg1 Ne2+ 56. Kf1 Ng3+ 57. Kg1 h3 58. Nf2 Rxf2 59. Kxf2 h2
60. Rh8 h1=Q 61. Rxh1 Nxh1+ 62. Kg2 Kf5 63. Kxh1 Kf4 64. Kg2 Ke5 0-1

[Event "TCh-FRA Top 12 2015"]
[Site "Montpellier FRA"]
[Date "2015.06.05"]
[Round "7.4"]
[Board "7"]
[White "Delorme, Axel"]
[Black "Dourerassou, Jonathan"]
[Result "0-1"]
[WhiteTitle "IM"]
[BlackTitle "IM"]
[WhiteElo "2497"]
[BlackElo "2414"]
[WhiteTeam "CLICHY-ECHECS-92"]
[BlackTeam "L'ECHIQUIER CHALONNAIS"]
[WhiteFideId "632023"]
[BlackFideId "628050"]
[EventDate "2015.05.30"]

1. e4 c5 2. Nf3 Nc6 3. c3 d6 4. d4 Nf6 5. d5 Ne5 6. Nxe5 dxe5 7. Bg5 Bd7 8. Nd2
g6 9. Qc2 Bg7 10. Nc4 Qc7 11. a4 b6 12. Be2 O-O 13. O-O Rad8 14. b4 cxb4 15.
cxb4 Rc8 16. Rfc1 e6 17. d6 Qb7 18. f3 b5 19. axb5 Bxb5 20. Qd2 Rfd8 21. Na5 Qb8
22. Bxb5 Qxb5 23. d7 Ra8 24. Bxf6 Rxd7 25. Qg5 h6 26. Qh4 g5 27. Bxg5 hxg5 28.
Qxg5 Qxb4 29. Nc6 Qd6 30. Qe3 Kh7 31. Qc5 Bh6 32. Qxd6 Rxd6 33. Rc2 Rc8 34. Nb4
Rxc2 35. Nxc2 Rd2 36. Ra2 Be3+ 37. Kf1 Rf2+ 38. Ke1 Rxg2 39. h4 Bc5 40. Kd1 Bb6
41. Rb2 Kg6 42. Rb5 f6 43. Ne1 Rf2 44. Rb3 Kh5 45. Rd3 Bd4 46. Nc2 Kxh4 47. Nxd4
exd4 48. Rxd4 e5 49. Ra4 Kg3 50. Rxa7 Kxf3 51. Ra4 Ke3 52. Ke1 Rf4 0-1

[Event "TCh-FRA Top 12 2015"]
[Site "Montpellier FRA"]
[Date "2015.06.05"]
[Round "7.4"]
[Board "8"]
[White "De Seroux, Camille"]
[Black "Skripchenko, Almira"]
[Result "0-1"]
[WhiteTitle "WFM"]
[BlackTitle "IM"]
[WhiteElo "2115"]
[BlackElo "2421"]
[WhiteTeam "L'ECHIQUIER CHALONNAIS"]
[BlackTeam "CLICHY-ECHECS-92"]
[WhiteFideId "1305620"]
[BlackFideId "13900145"]
[EventDate "2015.05.30"]

1. e4 g6 2. d4 Bg7 3. Nc3 d6 4. f4 a6 5. Be3 b5 6. a3 Bb7 7. Bd3 Nd7 8. Nf3 Rc8
9. O-O c5 10. Kh1 cxd4 11. Bxd4 e5 12. Be3 Ngf6 13. Qe2 O-O 14. Rad1 Qe7 15.
fxe5 dxe5 16. Bg5 h6 17. Bh4 Qe6 18. Nd2 Nh5 19. Qe1 Nf4 20. Bg3 Nxd3 21. cxd3
Nc5 22. Nf3 Rfd8 23. Qe2 Rd7 24. Bf2 Nb3 25. Be3 Rcd8 26. Ne1 Nd4 27. Qd2 Kh7
28. Nc2 Nxc2 29. Qxc2 f5 30. Qe2 Rf7 31. Rf3 f4 32. Bc5 g5 33. h3 h5 34. Rff1 g4
35. Qf2 gxh3 36. Rg1 Qg4 37. Kh2 Bc8 38. Qf3 hxg2 39. Qxg4 Bxg4 40. Rd2 f3 41.
Be3 Bh6 42. Bxh6 f2 43. Rxf2 Rxf2 44. Bg5 Rxd3 45. Rxg2 Rxg2+ 46. Kxg2 Kg6 47.
Bc1 h4 48. Kh2 Bf3 0-1

[Event "TCh-FRA Top 12 2015"]
[Site "Montpellier FRA"]
[Date "2015.06.05"]
[Round "7.5"]
[Board "1"]
[White "Feller, Sebastien"]
[Black "Naiditsch, Arkadij"]
[Result "1/2-1/2"]
[WhiteTitle "GM"]
[BlackTitle "GM"]
[WhiteElo "2626"]
[BlackElo "2720"]
[WhiteTeam "EVRY GRAND ROQUE"]
[BlackTeam "BISCHWILLER"]
[WhiteFideId "634654"]
[BlackFideId "4650891"]
[EventDate "2015.05.30"]

1. d4 Nf6 2. c4 e6 3. Nc3 Bb4 4. Qc2 O-O 5. e4 d5 6. e5 Ne4 7. Bd3 c5 8. Nf3
cxd4 9. Nxd4 Nd7 10. Bf4 Qh4 11. g3 Qh5 12. O-O Bxc3 13. bxc3 g5 14. Be2 Qh3 15.
Bc1 Nxe5 16. Rb1 b6 17. cxd5 exd5 18. f3 Nxg3 19. hxg3 Qxg3+ 20. Kh1 Qh3+ 21.
Kg1 Qg3+ 1/2-1/2

[Event "TCh-FRA Top 12 2015"]
[Site "Montpellier FRA"]
[Date "2015.06.05"]
[Round "7.5"]
[Board "2"]
[White "Bacrot, Etienne"]
[Black "Fedorchuk, Sergey A."]
[Result "1-0"]
[WhiteTitle "GM"]
[BlackTitle "GM"]
[WhiteElo "2704"]
[BlackElo "2657"]
[WhiteTeam "BISCHWILLER"]
[BlackTeam "EVRY GRAND ROQUE"]
[WhiteFideId "605506"]
[BlackFideId "14102536"]
[EventDate "2015.05.30"]

1. d4 Nf6 2. c4 e6 3. Nf3 b6 4. g3 Bb7 5. Bg2 Be7 6. O-O O-O 7. Re1 Na6 8. Nc3
Ne4 9. Qc2 Nb4 10. Qa4 a5 11. Ne5 d5 12. cxd5 exd5 13. a3 c5 14. Nxe4 dxe4 15.
dxc5 Bxc5 16. Bf4 f6 17. Red1 Nd5 18. Nd7 Qe8 19. Bxe4 Nxf4 20. Bxb7 Bxf2+ 21.
Kh1 Ne6 22. Qe4 Nc5 23. Qd5+ Kh8 24. Bxa8 Nxd7 25. Bc6 1-0

[Event "TCh-FRA Top 12 2015"]
[Site "Montpellier FRA"]
[Date "2015.06.05"]
[Round "7.5"]
[Board "3"]
[White "Moussard, Jules"]
[Black "Giri, Anish"]
[Result "0-1"]
[WhiteTitle "IM"]
[BlackTitle "GM"]
[WhiteElo "2444"]
[BlackElo "2776"]
[WhiteTeam "EVRY GRAND ROQUE"]
[BlackTeam "BISCHWILLER"]
[WhiteFideId "642908"]
[BlackFideId "24116068"]
[EventDate "2015.05.30"]

1. Nf3 d5 2. g3 g6 3. Bg2 Bg7 4. d4 Nd7 5. O-O Ngf6 6. Nbd2 O-O 7. c4 e6 8. Qc2
b6 9. b3 Bb7 10. Bb2 c5 11. Rac1 Qe7 12. Ne5 Nxe5 13. dxe5 Ng4 14. cxd5 exd5 15.
b4 cxb4 16. Qc7 Rfe8 17. Nf3 Rab8 18. e3 Nxe5 19. Nxe5 Bxe5 20. Bxe5 Qxe5 21.
Qxe5 Rxe5 22. Rc7 a5 23. Rfc1 Kf8 24. Rd7 Rc8 25. Rxc8+ Bxc8 26. Rd8+ Re8 27.
Rd6 Be6 28. Rxb6 Rc8 0-1

[Event "TCh-FRA Top 12 2015"]
[Site "Montpellier FRA"]
[Date "2015.06.05"]
[Round "7.5"]
[Board "4"]
[White "Le Roux, Jean-Pierre"]
[Black "Battaglini, Gabriel"]
[Result "1-0"]
[WhiteTitle "GM"]
[BlackTitle "IM"]
[WhiteElo "2546"]
[BlackElo "2451"]
[WhiteTeam "BISCHWILLER"]
[BlackTeam "EVRY GRAND ROQUE"]
[WhiteFideId "609404"]
[BlackFideId "621650"]
[EventDate "2015.05.30"]

1. d4 Nf6 2. Bg5 Ne4 3. Bf4 d5 4. e3 g6 5. Bd3 Nd6 6. Nf3 Bg7 7. Nbd2 Nc6 8. O-O
O-O 9. h3 Nb4 10. Be2 Bf5 11. c4 c5 12. Bxd6 exd6 13. cxd5 cxd4 14. e4 Bxh3 15.
Qb3 d3 16. Bd1 Na6 17. gxh3 Nc5 18. Qa3 a5 19. Rc1 Rc8 20. e5 Bh6 21. Rxc5 Rxc5
22. Ne4 Rc1 23. Qxd6 Qc8 24. Nf6+ Kh8 25. Nd7 Re8 26. Qf6+ Bg7 27. Qxf7 Qd8 28.
d6 d2 29. Nf6 Rf8 30. Ng5 1-0

[Event "TCh-FRA Top 12 2015"]
[Site "Montpellier FRA"]
[Date "2015.06.05"]
[Round "7.5"]
[Board "5"]
[White "Bergez, Luc"]
[Black "Schlosser, Philipp"]
[Result "0-1"]
[WhiteTitle "IM"]
[BlackTitle "GM"]
[WhiteElo "2327"]
[BlackElo "2577"]
[WhiteTeam "EVRY GRAND ROQUE"]
[BlackTeam "BISCHWILLER"]
[WhiteFideId "606600"]
[BlackFideId "4600169"]
[EventDate "2015.05.30"]

1. e4 c5 2. c3 d5 3. exd5 Qxd5 4. d4 Nf6 5. Nf3 e6 6. Bd3 Be7 7. O-O O-O 8. Be3
Rd8 9. Qe2 Nc6 10. Rd1 b6 11. dxc5 Ba6 12. Bxa6 Qxd1+ 13. Qf1 Qd7 14. cxb6 axb6
15. Bc4 Nd5 16. Bc1 Nf6 17. Bf4 Bd6 18. Bg5 Ne5 19. Be2 Nxf3+ 20. Bxf3 Ra5 21.
Bc1 Rf5 22. Nd2 Qc7 23. g3 h5 24. Kg2 g5 25. Be4 Nxe4 26. Nxe4 Qc6 27. Qe2 Re5
28. f3 f5 29. Bxg5 fxe4 30. f4 e3+ 31. Kh3 Rxg5 32. fxg5 Qe4 33. Qxh5 Qf5+ 34.
Qg4 Be7 35. Qxf5 exf5 36. Rf1 e2 37. Re1 Rd2 38. g4 f4 39. Kg2 Rd3 40. h4 f3+ 0-1

[Event "TCh-FRA Top 12 2015"]
[Site "Montpellier FRA"]
[Date "2015.06.05"]
[Round "7.5"]
[Board "6"]
[White "Edouard, Romain"]
[Black "Fargere, Francois"]
[Result "1-0"]
[WhiteTitle "GM"]
[BlackTitle "GM"]
[WhiteElo "2627"]
[BlackElo "2418"]
[WhiteTeam "BISCHWILLER"]
[BlackTeam "EVRY GRAND ROQUE"]
[WhiteFideId "633429"]
[BlackFideId "615935"]
[EventDate "2015.05.30"]

1. Nf3 Nf6 2. c4 c6 3. Nc3 d5 4. e3 a6 5. h3 e6 6. Qc2 c5 7. a3 dxc4 8. Bxc4 b5
9. Be2 Bb7 10. O-O Nbd7 11. a4 b4 12. Nb1 Rc8 13. d3 Bd6 14. Nbd2 Ne5 15. Nxe5
Bxe5 16. Nc4 Bb8 17. f4 O-O 18. b3 Nd7 19. Bb2 Nb6 20. Na5 Ba8 21. Bf3 Bd6 22.
Bxa8 Nxa8 23. Nc4 Nb6 24. a5 Nxc4 25. Qxc4 Rc6 26. Qe4 Rc7 27. f5 exf5 28. Rxf5
Qe7 29. Qxe7 Bxe7 30. Kf2 Rd8 31. Ke2 f6 32. Rc1 Rcd7 33. d4 g6 34. Rff1 f5 35.
Rc2 Rd5 36. Rfc1 R8d7 37. Rc4 Kf7 38. Kf3 cxd4 39. Rxd4 Rxd4 40. Bxd4 Rd5 41.
Bb6 Rd3 42. Rc7 Ke6 43. Ra7 Rxb3 44. Rxa6 Kd5 45. Ra8 Ra3 46. a6 b3 47. Bd4 Bd6
48. a7 f4 49. Bb2 1-0

[Event "TCh-FRA Top 12 2015"]
[Site "Montpellier FRA"]
[Date "2015.06.05"]
[Round "7.5"]
[Board "7"]
[White "Milliet, Sophie"]
[Black "Marcelin, Cyril"]
[Result "1/2-1/2"]
[WhiteTitle "IM"]
[BlackTitle "GM"]
[WhiteElo "2369"]
[BlackElo "2476"]
[WhiteTeam "EVRY GRAND ROQUE"]
[BlackTeam "BISCHWILLER"]
[WhiteFideId "623725"]
[BlackFideId "607274"]
[EventDate "2015.05.30"]

1. e4 e6 2. d4 d5 3. Nc3 dxe4 4. Nxe4 Bd7 5. Nf3 Bc6 6. Bd3 Nd7 7. c3 Ngf6 8.
Nxf6+ Nxf6 9. O-O Bxf3 10. Qxf3 Qd5 11. Qe2 Bd6 12. Be3 Qh5 13. Qxh5 Nxh5 14. g3
Nf6 15. c4 c6 16. a3 O-O 17. b4 Rfd8 18. Be2 a5 19. Rab1 axb4 20. axb4 b5 21.
cxb5 cxb5 22. Bxb5 Rab8 23. Bc6 Rxb4 24. Rxb4 Bxb4 25. Ra1 h6 26. Ra8 Rxa8 27.
Bxa8 Kf8 1/2-1/2

[Event "TCh-FRA Top 12 2015"]
[Site "Montpellier FRA"]
[Date "2015.06.05"]
[Round "7.5"]
[Board "8"]
[White "Maisuradze, Nino"]
[Black "Leroy, Didier"]
[Result "1/2-1/2"]
[WhiteTitle "WGM"]
[BlackTitle "IM"]
[WhiteElo "2279"]
[BlackElo "2277"]
[WhiteTeam "BISCHWILLER"]
[BlackTeam "EVRY GRAND ROQUE"]
[WhiteFideId "13601717"]
[BlackFideId "610950"]
[EventDate "2015.05.30"]

1. d4 d6 2. Nf3 Nf6 3. c4 g6 4. Nc3 Bg7 5. g3 O-O 6. Bg2 c6 7. O-O Qa5 8. a3 Qa6
9. b3 d5 10. cxd5 cxd5 11. Ne5 e6 12. e3 Bd7 13. Re1 Rc8 14. Bb2 Be8 15. Rc1
Nbd7 16. Bf1 Qb6 17. Na4 Qd8 18. Nxd7 Nxd7 19. h4 1/2-1/2

[Event "TCh-FRA Top 12 2015"]
[Site "Montpellier FRA"]
[Date "2015.06.05"]
[Round "7.6"]
[Board "1"]
[White "Demuth, Adrien"]
[Black "Dorfman, Iossif"]
[Result "1/2-1/2"]
[WhiteTitle "IM"]
[BlackTitle "GM"]
[WhiteElo "2515"]
[BlackElo "2574"]
[WhiteTeam "POITIERS-MIGNE"]
[BlackTeam "GRASSE ECHECS"]
[WhiteFideId "642274"]
[BlackFideId "604011"]
[EventDate "2015.05.30"]

1. d4 Nf6 2. c4 g6 3. Nc3 d5 4. cxd5 Nxd5 5. e4 Nxc3 6. bxc3 Bg7 7. Nf3 c5 8.
Rb1 O-O 9. Be2 b6 10. O-O Bb7 11. Qd3 Ba6 12. Qe3 Qd7 13. dxc5 Bxe2 14. Qxe2
bxc5 15. Qc4 Qc6 16. e5 1/2-1/2

[Event "TCh-FRA Top 12 2015"]
[Site "Montpellier FRA"]
[Date "2015.06.05"]
[Round "7.6"]
[Board "2"]
[White "Sasikiran, Krishnan"]
[Black "Bedouin, Xavier"]
[Result "1-0"]
[WhiteTitle "GM"]
[BlackTitle "IM"]
[WhiteElo "2642"]
[BlackElo "2336"]
[WhiteTeam "GRASSE ECHECS"]
[BlackTeam "POITIERS-MIGNE"]
[WhiteFideId "5004985"]
[BlackFideId "617040"]
[EventDate "2015.05.30"]

1. d4 Nf6 2. c4 e6 3. Nc3 d5 4. cxd5 exd5 5. Bg5 c6 6. Qc2 h6 7. Bh4 g6 8. e3
Bf5 9. Bd3 Bxd3 10. Qxd3 Nbd7 11. Nge2 Bg7 12. f3 O-O 13. O-O Re8 14. Rad1 Qe7
15. Bf2 Rad8 16. Rfe1 a6 17. h3 c5 18. Nf4 Qd6 19. dxc5 Nxc5 20. Qd2 Ne6 21.
Nfxd5 Nxd5 22. Nxd5 Qe5 23. e4 f5 24. Bb6 Rc8 25. b3 fxe4 26. Rxe4 Qf5 27. Qe2
Rc6 28. Be3 Kh7 29. Nb4 Rc3 30. Nd5 Rc6 31. Nb4 Rc3 32. Rd7 Nc5 33. Rxg7+ Kxg7
34. Rxe8 a5 35. Bd4+ 1-0

[Event "TCh-FRA Top 12 2015"]
[Site "Montpellier FRA"]
[Date "2015.06.05"]
[Round "7.6"]
[Board "3"]
[White "Tranchant, Sebastien"]
[Black "Szabo, Krisztian1"]
[Result "1/2-1/2"]
[BlackTitle "GM"]
[WhiteElo "2275"]
[BlackElo "2518"]
[WhiteTeam "POITIERS-MIGNE"]
[BlackTeam "GRASSE ECHECS"]
[WhiteFideId "626732"]
[BlackFideId "722901"]
[EventDate "2015.05.30"]

1. d4 Nf6 2. c4 g6 3. Nc3 Bg7 4. e4 d6 5. Nf3 O-O 6. h3 e5 7. d5 Nh5 8. g3 Qe7
9. Be2 f5 10. Bg5 Nf6 11. exf5 gxf5 12. Qc2 Na6 13. O-O-O Nb4 14. Qb3 a5 15. a3
Na6 16. Qc2 Nc5 17. Nh4 Qe8 1/2-1/2

[Event "TCh-FRA Top 12 2015"]
[Site "Montpellier FRA"]
[Date "2015.06.05"]
[Round "7.6"]
[Board "4"]
[White "Apicella, Manuel"]
[Black "Picard, Romain"]
[Result "1-0"]
[WhiteTitle "GM"]
[BlackTitle "IM"]
[WhiteElo "2510"]
[BlackElo "2368"]
[WhiteTeam "GRASSE ECHECS"]
[BlackTeam "POITIERS-MIGNE"]
[WhiteFideId "600164"]
[BlackFideId "627216"]
[EventDate "2015.05.30"]

1. e4 e5 2. Nf3 d6 3. Bc4 Nf6 4. d3 c6 5. O-O Be7 6. Nbd2 Bg4 7. h3 Bh5 8. Re1
Nbd7 9. c3 O-O 10. Bb3 Nc5 11. Bc2 Ne6 12. Nf1 Nd7 13. Ng3 Bxf3 14. Qxf3 g6 15.
Bh6 Re8 16. Rad1 Bg5 17. Bxg5 Qxg5 18. d4 Nf4 19. Qg4 Qxg4 20. hxg4 Rad8 21. Nf1
Nb6 22. Ne3 f6 23. g3 Ne6 24. dxe5 dxe5 25. Bb3 Kf8 26. Rxd8 Nxd8 27. Rd1 Ke7
28. Kg2 Ne6 29. Bxe6 Kxe6 30. f4 Kf7 31. Kf3 h6 32. b3 Ke7 33. Ng2 Nd7 34. Rh1
Rh8 35. Nh4 Nf8 36. Rd1 Rg8 37. Ke3 Rg7 38. c4 Rh7 39. c5 h5 40. f5 g5 41. Ng6+
Nxg6 42. fxg6 Rh6 43. gxh5 1-0

[Event "TCh-FRA Top 12 2015"]
[Site "Montpellier FRA"]
[Date "2015.06.05"]
[Round "7.6"]
[Board "6"]
[White "Michiels, Bart"]
[Black "Saada, Julien"]
[Result "1-0"]
[WhiteTitle "GM"]
[BlackTitle "FM"]
[WhiteElo "2536"]
[BlackElo "2296"]
[WhiteTeam "GRASSE ECHECS"]
[BlackTeam "POITIERS-MIGNE"]
[WhiteFideId "202967"]
[BlackFideId "625388"]
[EventDate "2015.05.30"]

1. d4 d5 2. c4 e6 3. Nc3 Nf6 4. cxd5 exd5 5. Bg5 c6 6. e3 Be7 7. Qc2 Nbd7 8. Bd3
Nf8 9. Nf3 Ne6 10. Bh4 g6 11. O-O O-O 12. Rab1 Ng4 13. Bg3 Bd6 14. Bxd6 Qxd6 15.
h3 Nh6 16. b4 Bd7 17. b5 c5 18. dxc5 Nxc5 19. Rbd1 Rac8 20. Bc4 Bf5 21. Qd2 Ne4
22. Nxe4 Bxe4 23. Bxd5 Rc2 24. Bxf7+ Nxf7 25. Qxd6 Nxd6 26. Rxd6 Bxf3 27. gxf3
Rxf3 28. a4 Rf7 29. Rd4 Ra2 30. Kg2 Kg7 31. Kg3 b6 32. h4 Re2 33. Re4 Rd2 34. f3
Rc7 35. Rb1 Kf6 36. Rbb4 Rc1 37. Rbc4 Rg1+ 38. Kf4 Rd7 39. Rc6+ Kf7 40. Rd4 Re7
41. Re4 Rd7 42. Rec4 Rh1 43. Rc7 Rxh4+ 44. Kg3 Rxc4 45. Rxd7+ Kf6 46. Rxa7 h5
47. Ra6 h4+ 48. Kh3 Kg5 49. Rxb6 Rxa4 50. Re6 Kf5 51. Re4 Ra3 52. Rb4 Rxe3 53.
b6 Re8 54. b7 Rb8 55. Kxh4 Kf6 56. Kg4 1-0

[Event "TCh-FRA Top 12 2015"]
[Site "Montpellier FRA"]
[Date "2015.06.05"]
[Round "7.6"]
[Board "7"]
[White "Picard, Clement"]
[Black "Pile, Richard"]
[Result "0-1"]
[BlackTitle "IM"]
[WhiteElo "2180"]
[BlackElo "2430"]
[WhiteTeam "POITIERS-MIGNE"]
[BlackTeam "GRASSE ECHECS"]
[WhiteFideId "615455"]
[BlackFideId "624110"]
[EventDate "2015.05.30"]

1. e4 c5 2. Nf3 e6 3. g3 d5 4. exd5 exd5 5. d4 Nf6 6. Bg2 Be7 7. O-O O-O 8. Nc3
Nc6 9. h3 Ne4 10. Re1 f5 11. dxc5 Bxc5 12. Be3 d4 13. Nxe4 fxe4 14. Bg5 0-1

[Event "TCh-FRA Top 12 2015"]
[Site "Montpellier FRA"]
[Date "2015.06.05"]
[Round "7.6"]
[Board "8"]
[White "Forestier, Carole"]
[Black "Leriche, Ines"]
[Result "1/2-1/2"]
[WhiteElo "2072"]
[BlackElo "1990"]
[WhiteTeam "GRASSE ECHECS"]
[BlackTeam "POITIERS-MIGNE"]
[WhiteFideId "641405"]
[BlackFideId "684090"]
[EventDate "2015.05.30"]

1. d4 d5 2. Nf3 c6 3. c4 Nf6 4. Qb3 dxc4 5. Qxc4 Bf5 6. g3 e6 7. Bg2 Nbd7 8. e3
Be7 9. O-O O-O 10. Nc3 Rc8 11. Qe2 Ne4 12. Nd2 Nxd2 13. Bxd2 e5 14. dxe5 Nxe5
15. e4 Bg4 16. f3 Be6 17. b3 Bb4 18. Rac1 Qd3 19. Be3 Rcd8 20. Rfd1 Qxe2 21.
Nxe2 Ba3 22. Rb1 a6 23. Nf4 Bc8 24. Bb6 Rxd1+ 25. Rxd1 Nd7 26. Be3 Bc5 27. Kf2
Bxe3+ 28. Kxe3 Ne5 29. Rd6 Re8 30. Nd3 1/2-1/2